000 00804cam a2200265 a 4500
999 _c5054
_d5054
001 3228377
005 20170718083944.0
008 811205s1981 maua 000 0 eng
010 _a 79056846
020 _a0714526770 :
_c$15.00
020 _a0714526762 (pbk.)
040 _aDLC
_cDLC
_dDLC
050 0 0 _aB791
_b.S55
082 0 0 _a190
_219
100 1 _aSkolimowski, Henryk.
_933087
245 1 0 _aEco-philosophy :
_bdesigning new tactics for living /
_cHenryk Skolimowski.
260 _aBoston :
_bM. Boyars,
_c1981.
300 _aviii, 117 p. :
_bill. ;
_c21 cm.
440 0 _aIdeas in progress
_933088
650 0 _aPhilosophy, Modern.
_933089
650 0 _aHuman ecology.
_916936
650 0 _aConduct of life.
_97244
906 _a7
_bcbc
_corignew
_d2
_eocip
_f19
_gy-gencatlg
942 _2lcc
_cMONOGRAPH